00415nam a22001457a 4500020001800000082001300018100002000031245008400051260002900135300001000164650002400174650002000198650001500218650003600233 a9781780332000 aK95 D961 aDweck, Carol S. aMindset: changing the way you think to fulfil your potentialcby Carol S. Dweck aNew YorkbRobinsonc2017 a301p. aSelf- actualization aSelf confidence aPsychology aSuccess - Psychological aspects